Lekcii o Q-mnogoobrazijach = Lectures on Hilbert cube manifolds

Enregistré dans:
Détails bibliographiques
Auteur principal: Chapman, T.A (Auteur)
Format: Livre
Langue:russe
Publié: Moskva : Mir, 1981
Tags: Ajouter un tag
Pas de tags, Soyez le premier à ajouter un tag!

MARC

LEADER 00000nam a22000003a 4500
001 stu90749
005 20150617225625.5
008 041006s1981------------------------rus-d
040 |a STU  |b slo 
041 0 |a rus 
080 |a 513.83 
100 1 |a Chapman, T.A.  |4 aut 
245 1 |a Lekcii o Q-mnogoobrazijach = Lectures on Hilbert cube manifolds 
260 |a Moskva :  |b Mir,  |c 1981 
300 |a 156 s 
996 |b E48764  |c E*48764  |l EE03  |s P  |a 0  |w stu90749_0001